Acronymes Français de plus de 3 Lettres - Statistiques

Statistiques générales
  • Ce quiz a été pris 308 fois
    274 depuis la dernière actualisation
  • Le résultat moyen est 24 sur 61
Statistiques - réponses
Acronymes Signification % Correct
CDI Contrat à Durée Indéterminée
81%
CDD Contrat à Durée Déterminée
80%
PSG Paris Saint-Germain
80%
OVNI Objet Volant Non Identifié
78%
MDR Mort De Rire
77%
SDF Sans Domicile Fixe
77%
VTT Vélo Tout Terrain
77%
PIB Produit Intérieur Brut
74%
TGV Train à Grande Vitesse
73%
ONU Organisation des Nations Unies
72%
EDF Électricité De France
71%
MST Maladie Sexuellement Transmissible
70%
RAS Rien A Signaler
70%
DOM Département d’Outre-Mer
68%
PACA Provence-Alpes-Côte d’Azur
64%
SAV Service Après Vente
64%
OGM Organisme Génétiquement Modifié
63%
GDF Gaz De France
59%
VOST Version Originale Sous-Titrée
57%
VDM Vie De Merde
57%
BCBG Bon Chic Bon Genre
56%
IVG Interruption Volontaire de Grossesse
56%
ONG Organisation Non Gouvernementale
53%
CAF Caisse d’Allocations Familiales
51%
TOM Territoire d’Outre-Mer
50%
ADN Acide DésoxyriboNucléique
46%
HLM Habitation à Loyer Modéré
46%
TVA Taxe sur la Valeur Ajoutée
44%
OSEF On S’En Fout
40%
ANPE Agence Nationale Pour l’Emploi
38%
OTAN Organisation du Traité de l’Atlantique Nord
38%
SNCF Société Nationale des Chemins de fer Français
33%
RSA Revenu de Solidarité Active
30%
NRJ Nouvelle Radio Jeune
28%
TOC Trouble Obsessionnel Compulsif
28%
GIGN Groupe d'Intervention de la Gendarmerie Nationale
26%
FIFA Fédération Internationale de Football Association
25%
RMI Revenu Minimum d’Insertion
25%
EAU Émirats Arabes Unis
23%
GIPN Groupe d'Intervention de la Police Nationale
23%
RER Réseau Express Régional
23%
CGT Confédération Générale du Travail
22%
RATP Régie Autonome des Transports Parisiens
18%
SIDA Syndrome d’Immuno-Déficience Acquise
17%
CRS Compagnie Républicaine de Sécurité
15%
PAF Paysage Audiovisuel Français
15%
ORL Oto-Rhino-Laryngologiste
13%
JAPD Journée d'Appel de Préparation à la Défense
12%
ROM Région d’Outre-Mer
12%
DEL Diode Eléctro-Luminescente
11%
SAMU Service d’Aide Médicale Urgente
11%
ASSR Attestation Scolaire de Sécurité Routière
9%
INSEE Institut National de la Statistique et des Etudes Economiques
9%
PACS PActe Civil de Solidarité
8%
FAMAS Fusil d’Assaut de la Manufacture d’Armes de Saint-étienne
6%
FNAC Fédération Nationale d'Achat des Cadres
3%
SMIC Salaire MInimum de Croissance
3%
ASSEDIC ASSociation pour l’Emploi Dans l’Industrie et le Commerce
2%
CACES Certificat d’Aptitude à la Conduite En Sécurité
2%
CEDEX Courrier d’Entreprise à Distribution EXceptionnelle
2%
RAID Recherche Assistance Intervention Dissuasion
2%
Aucun quiz correspondant
Distribution des résultats
% des personnes avec chaque résultat
Percentile par nombre de réponses
Votre historique - résultats
Vous n’avez pas pris ce quiz depuis la dernière actualisation